00572 2200205 4500001002300000005001700023006001900040008004100059035002600100084001500126100002900141245002500170260003600195300002800231650001500259990002300274990002300297990002200320990002400342NBPULOT00000000000545920140627153125.0a ||| | 171130| ||| |  a 0010-061400000000950 a 650 Sis p0 a Dr. H.B. Siswanto, M.Si00a Pengantar Manajemen a Jakarta b Bumi Aksara c 2011 a xiii, 215 hlm c 23 cm 0a manajemen a 18723/APBDII/2013 a 18724/APBDII/2013 a 2451/APBDII/2006 a 21498/APBD.II/2014